000
00337nam a2200157Ia 4500
003
OSt
005
20240304151758.0
008
170523s9999 xx 000 0 und d
020
_a
978-9352533138
040
_c
IIMTU
100
_a
SHUKLA- MC
245
0
_a
ADVANCED ACCOUNTS
260
_b
SULTAN CHAND
260
_c
2001
942
_2
ddc
_c
02
999
_c
910
_d
910